Criminal justice policy review: CJPR

Saved in:  
Bibliographic Details
Subtitles:CJPR
Format: Electronic Journal
Language:English
Subito Delivery Service: Order now.
Check availability: HBZ Gateway
WorldCat: WorldCat
Interlibrary Loan:Für eine Fernleihe wählen Sie bitte zuerst einen Band oder Aufsatz aus.
Published: London Sage 1986-
Getzville, NY HeinOnline 1986-
In:Year: 1986
Volumes / Articles:Show volumes/articles.
Further subjects:B Journal
Online Access: Volltext (Aggregator)
Volltext (Frontdoor-Url)
Volltext (Publisher)

MARC

LEADER 00000cas a2200000 c 4500
001 33150796X
003 DE-627
005 20240419175115.0
007 cr |||||||||||
008 010712c19869999xxkz| p|o 0 |0eng c
016 7 |a 022027351  |2 DE-101 
016 7 |a 2051883-3  |2 DE-600 
022 |a 1552-3586 
024 8 |a Hein-cjpr  |q Identnummer 
035 |a (DE-627)33150796X 
035 |a (DE-576)094502471 
035 |a (DE-599)ZDB2051883-3 
035 |a (OCoLC)1083803087 
040 |a DE-627  |b ger  |c DE-627  |e rakwb 
041 |a eng 
044 |c XA-GB 
082 0 4 |a 340  |q DE-600 
084 |a 2  |a 2,1  |2 ssgn 
084 |a INTRECHT  |q DE-1a  |2 fid 
084 |a KRIM  |q DE-21  |2 fid 
084 |a 86.41  |2 bkl 
245 0 0 |a Criminal justice policy review  |b CJPR 
246 3 3 |a CJPR 
264 3 1 |a London  |b Sage  |c 1986- 
264 3 1 |a Getzville, NY  |b HeinOnline  |c 1986- 
300 |a Online-Ressource 
336 |a Text  |b txt  |2 rdacontent 
337 |a Computermedien  |b c  |2 rdamedia 
338 |a Online-Ressource  |b cr  |2 rdacarrier 
362 0 |a 1.1986 - 
363 0 1 |a 1  |i 1986 
500 |a Volltext auch als Teil einer Datenbank verfügbar 
500 |a Gesehen am 23.11.04 
655 7 |a Zeitschrift  |0 (DE-588)4067488-5  |0 (DE-627)10454466X  |0 (DE-576)20917000X  |2 gnd-content 
776 1 |x 0887-4034 
856 4 0 |u https://ezb.ur.de/?2051883-3  |x Frontdoor-Url  |7 1 
856 4 0 |u https://journals.sagepub.com/home/cjp  |x Verlag  |7 1 
856 4 0 |u http://heinonline.org  |x Aggregator  |7 1 
912 |a ZDB-1-SAG 
912 |a ZDB-1-SAGK 
912 |a ZDB-1-SAGH 
912 |a ZDB-52-LJL 
936 b k |a 86.41  |j Kriminologie  |0 (DE-627)181572001 
951 |a JT 
ACO |a 1 
ELC |a 1 
ORI |a SA-MARC-ixtheo_ob001.raw 
REL |a 1 
SPR |a 1  |t IXT  |t REL 
SUB |a REL